[Event "Prague Summer op-B 7th"]
[Site "Prague"]
[Date "2020.08.15"]
[Round "9"]
[White "Krupansky, Jaromir"]
[Black "Ziabari, Morteza"]
[Result "1-0"]
[WhiteElo "1661"]
[BlackElo "1850"]
[PlyCount "73"]
[EventDate "2020.08.08"]
[EventType "swiss"]
[EventRounds "9"]
[EventCountry "CZE"]
[SourceTitle "EXT 2021"]
[Source "ChessBase"]
[SourceDate "2020.10.23"]
[SourceVersion "1"]
[SourceVersionDate "2020.10.23"]
[SourceQuality "1"]

1. e4 e6 2. d4 b6 3. c4 Bb4+ 4. Nc3 Nf6 5. Bd3 Bb7 6. Qe2 Qe7 7. a3 Bxc3+ 8. bxc3 d5 9. f3 dxe4 10. fxe4 Nxe4 11. Nf3 Nxc3 12. Qf2 Ne4 13. Qe3 f5 14. 0-0 Nd7 15. a4 h6 16. Ba3 c5 17. Rab1 0-0 18. a5 Rf7 19. Bc2 Bc6 20. a6 g5 21. Rfd1 f4 22. Qe1 Nef6 23. Ne5 Nxe5 24. Qxe5 Ng4 25. Qe2 Ne3 26. dxc5 Nxd1 27. Qxd1 f3 28. Qd3 bxc5 29. Qg6+ Rg7 30. Qxh6 Rd8 31. Bb2 Rd2 32. Bf6 Rxg2+ 33. Kf1 Qxf6 34. Qxf6 Rxc2 35. Qxe6+ Rf7 36. Qxc6 Rxh2 37. Qg6+ 1-0

[Event "Pardubice Czech op-J 30th"]
[Site "Pardubice"]
[Date "2019.07.14"]
[Round "4"]
[White "Joukl, Jakub"]
[Black "Ziabari, Morteza"]
[Result "1/2-1/2"]
[WhiteElo "1682"]
[BlackElo "1894"]
[PlyCount "47"]
[EventDate "2019.07.12"]
[EventType "swiss"]
[EventRounds "7"]
[EventCountry "CZE"]
[SourceTitle "CBM 192 Extra"]
[Source "Chessbase"]
[SourceDate "2019.11.06"]
[SourceVersion "1"]
[SourceVersionDate "2019.11.06"]
[SourceQuality "1"]

1. d4 d5 2. c4 e6 3. Nc3 Nf6 4. Nf3 c6 5. Bg5 Nbd7 6. e3 Qa5 7. Bxf6 Nxf6 8. a3 Ne4 9. Qc2 Bb4 10. Rc1 Bxc3+ 11. bxc3 Qxa3 12. Bd3 f5 13. 0-0 Qe7 14. Ne5 0-0 15. f3 Nd6 16. cxd5 exd5 17. e4 fxe4 18. fxe4 dxe4 19. Rxf8+ Qxf8 20. Bxe4 Nxe4 21. Qa2+ Kh8 22. Nf7+ Kg8 23. Nh6+ Kh8 24. Nf7+ 1/2-1/2

[Event "Prague op-B 18th"]
[Site "Prague"]
[Date "2019.01.11"]
[Round "1"]
[White "Ziabari, Morteza"]
[Black "Smietanska, Wiktoria"]
[Result "1-0"]
[WhiteElo "1927"]
[BlackElo "1503"]
[PlyCount "97"]
[EventDate "2019.01.11"]
[EventType "swiss"]
[EventRounds "9"]
[EventCountry "CZE"]
[SourceTitle "CBM 188 Extra"]
[Source "ChessBase"]
[SourceDate "2019.02.26"]
[SourceVersion "1"]
[SourceVersionDate "2019.02.26"]
[SourceQuality "1"]

1. e4 c6 2. d4 d5 3. Nc3 dxe4 4. Nxe4 Bf5 5. Ng3 Bg6 6. Nf3 Nd7 7. Bd3 Bxd3 8. Qxd3 e6 9. 0-0 Ngf6 10. a4 Bd6 11. Re1 0-0 12. Ne5 Rc8 13. Bg5 Qc7 14. Nc4 Bf4 15. Bxf4 Qxf4 16. Ne4 Nxe4 17. Rxe4 Qc7 18. Rh4 Nf6 19. Ne5 h6 20. Qg3 Kh7 21. Qd3+ Kg8 22. Qg3 Kh8 23. Qg5 Nh7 24. Qe3 Qe7 25. Rg4 Rcd8 26. h4 Nf6 27. Rg3 Qb4 28. c3 Qxb2 29. Qe1 Qc2 30. Rb1 Rb8 31. a5 Qa4 32. c4 Qc2 33. Rgb3 b6 34. Nxc6 Rb7 35. axb6 axb6 36. c5 Nd5 37. R1b2 Qg6 38. Ne5 Qf6 39. c6 Rc7 40. Nd7 Qxh4 41. Nxf8 Rxc6 42. Qb1 Kg8 43. Nd7 Qf4 44. Rc2 Rxc2 45. Qxc2 Qxd4 46. Qc8+ Kh7 47. Nf8+ Kg8 48. Nxe6+ Kh7 49. Nxd4 1-0

[Event "Pardubice Czech op-C 28th"]
[Site "Pardubice"]
[Date "2017.07.28"]
[Round "8"]
[White "Ziabari, Morteza"]
[Black "Novotny, Josef"]
[Result "0-1"]
[WhiteElo "1869"]
[BlackElo "2074"]
[PlyCount "58"]
[EventDate "2017.07.22"]
[EventType "swiss"]
[EventRounds "9"]
[EventCountry "CZE"]
[SourceTitle "CBM 179 Extra"]
[Source "ChessBase"]
[SourceDate "2017.08.23"]
[SourceVersion "1"]
[SourceVersionDate "2017.08.23"]
[SourceQuality "1"]

1. e4 e6 2. d4 d6 3. f4 Nf6 4. Nc3 c6 5. Nf3 Be7 6. Bd3 Nbd7 7. 0-0 h6 8. Ne2 b6 9. h3 Bb7 10. c4 Qc7 11. Ng3 0-0-0 12. e5 dxe5 13. fxe5 Nh7 14. Qc2 f5 15. a4 Ng5 16. Ne1 c5 17. h4 cxd4 18. hxg5 hxg5 19. Nf3 Bxf3 20. gxf3 Nxe5 21. Kg2 Rh4 22. Rh1 Nxf3 23. Bxf5 Rxh1 24. Bxe6+ Kb8 25. Kxf3 d3 26. Qd2 Rg1 27. Ne4 Qe5 28. Bd5 Rf8+ 29. Ke3 Rg3# 0-1

[Event "Prague op-B 15th"]
[Site "Prague"]
[Date "2016.01.09"]
[Round "3"]
[White "Ziabari, Morteza"]
[Black "Soural, Karel"]
[Result "0-1"]
[WhiteElo "1862"]
[BlackElo "2037"]
[PlyCount "92"]
[EventDate "2016.01.08"]
[EventType "swiss"]
[EventRounds "9"]
[EventCountry "CZE"]
[SourceTitle "CBM 170 Extra"]
[Source "ChessBase"]
[SourceDate "2016.02.25"]
[SourceVersion "1"]
[SourceVersionDate "2016.02.25"]
[SourceQuality "1"]

1. e4 e5 2. Nf3 Nc6 3. Bb5 a6 4. Bxc6 dxc6 5. Nc3 f6 6. d4 exd4 7. Qxd4 Qxd4 8. Nxd4 Bd7 9. Be3 Bb4 10. a3 Bxc3+ 11. bxc3 0-0-0 12. a4 a5 13. 0-0 Re8 14. Nb3 b6 15. f3 Ne7 16. c4 c5 17. Rfe1 Nc6 18. c3 Ne5 19. Nd2 Be6 20. f4 Nxc4 21. Nxc4 Bxc4 22. Bf2 Re6 23. Bg3 Rhe8 24. e5 f5 25. h4 Rd8 26. Red1 Ree8 27. Re1 Rd3 28. Bf2 Rxc3 29. Re3 Rxe3 30. Bxe3 Rd8 31. Kf2 Rd3 32. g4 fxg4 33. f5 Rd8 34. Kg3 h5 35. Kf4 Rf8 36. Kg5 Bd3 37. f6 gxf6+ 38. exf6 g3 39. Rd1 c4 40. Bd4 c5 41. Bc3 Rg8+ 42. Kxh5 Be2+ 43. Kh6 Bxd1 44. f7 Rf8 45. Kg7 Rxf7+ 46. Kxf7 g2 0-1

[Event "Troisdorf op"]
[Site "Troisdorf"]
[Date "2014.11.25"]
[Round "6"]
[White "Gillar, Frank"]
[Black "Ziabari, Morteza"]
[Result "1/2-1/2"]
[WhiteElo "1486"]
[BlackElo "1874"]
[PlyCount "49"]
[EventDate "2014.10.21"]
[EventType "swiss"]
[EventRounds "7"]
[EventCountry "GER"]
[SourceTitle "EXT 2016"]
[Source "ChessBase"]
[SourceDate "2015.10.08"]
[SourceVersion "1"]
[SourceVersionDate "2015.10.08"]
[SourceQuality "1"]

1. d4 d5 2. c4 e6 3. Nc3 Nf6 4. cxd5 exd5 5. Bg5 c6 6. Qc2 h6 7. Bh4 Be6 8. e3 Nbd7 9. Bd3 Rc8 10. Nge2 Be7 11. 0-0 0-0 12. f3 c5 13. Nf4 cxd4 14. Nxe6 fxe6 15. exd4 Nh5 16. Bxe7 Qxe7 17. Rae1 Qf6 18. Qa4 Nf4 19. Bb1 Nb6 20. Qxa7 Qxd4+ 21. Kh1 Qd2 22. Ne2 Nxe2 23. Qxb6 Nf4 24. Qf2 Qxf2 25. Rxf2 1/2-1/2

[Event "Dortmund Sparkassen op-B"]
[Site "Dortmund"]
[Date "2014.07.15"]
[Round "4"]
[White "Ziabari, Morteza"]
[Black "Strack, Patrick"]
[Result "1-0"]
[WhiteElo "1874"]
[BlackElo "1440"]
[PlyCount "39"]
[EventDate "2014.07.12"]
[EventType "swiss"]
[EventRounds "9"]
[EventCountry "GER"]
[SourceTitle "EXT 2022"]
[Source "ChessBase"]
[SourceDate "2021.10.06"]
[SourceVersion "1"]
[SourceVersionDate "2021.10.06"]
[SourceQuality "1"]

1. e4 e5 2. f4 d5 3. exd5 exf4 4. Bc4 Qh4+ 5. Kf1 f3 6. Bb5+ c6 7. Nxf3 Qh5 8. Qe2+ Ne7 9. Ba4 Qxd5 10. Bb3 Qd6 11. Nc3 Bf5 12. d4 g6 13. Ng5 Qf6 14. Qf2 Bg7 15. Bxf7+ Kd7 16. Bb3 Qxd4 17. Be3 Qf6 18. Rd1+ Kc8 19. Nce4 Bxe4 20. Be6+ 1-0

[Event "Unna op"]
[Site "Unna"]
[Date "2012.12.28"]
[Round "3"]
[White "Dirks, Martin"]
[Black "Ziabari, Morteza"]
[Result "1-0"]
[WhiteElo "2041"]
[BlackElo "1907"]
[PlyCount "99"]
[EventDate "2012.12.27"]
[EventType "swiss"]
[EventRounds "7"]
[EventCountry "GER"]
[SourceTitle "CBM 152 Extra"]
[Source "ChessBase"]
[SourceDate "2013.02.25"]
[SourceVersion "1"]
[SourceVersionDate "2013.02.25"]
[SourceQuality "1"]

1. d4 d5 2. e3 Nf6 3. Bd3 g6 4. c3 Bg7 5. Nd2 Nc6 6. f4 Bg4 7. Qb3 Rb8 8. Ngf3 0-0 9. 0-0 b5 10. Ne5 Nxe5 11. fxe5 Ne8 12. a4 a6 13. axb5 axb5 14. Qb4 c6 15. Nb3 Nc7 16. Qc5 Qd7 17. Bd2 Ne6 18. Qa7 Nc7 19. Nc5 Qc8 20. Qa3 Ra8 21. Qb4 e6 22. Rxa8 Nxa8 23. h3 Bf5 24. Be2 Nb6 25. g4 Bc2 26. Rc1 Be4 27. Nxe4 dxe4 28. c4 Nxc4 29. Bxc4 bxc4 30. Qxc4 Qb7 31. b4 Rc8 32. b5 c5 33. dxc5 Bxe5 34. c6 Qb8 35. Rb1 Qd6 36. Be1 Qa3 37. Qxe4 Bb8 38. b6 Bd6 39. b7 Re8 40. Qd4 e5 41. Qc3 Qa2 42. Rb2 Qa7 43. Bf2 Bc7 44. e4 Qa1+ 45. Kg2 Qa4 46. Qc2 Qa3 47. Ra2 Qf8 48. Bc5 Bd6 49. Bxd6 Qxd6 50. c7 1-0

[Event "Troisdorf op"]
[Site "Troisdorf"]
[Date "2012.11.06"]
[Round "3"]
[White "Bonus, Christian"]
[Black "Ziabari, Morteza"]
[Result "0-1"]
[WhiteElo "1456"]
[BlackElo "1907"]
[PlyCount "42"]
[EventDate "2012.10.23"]
[EventType "swiss"]
[EventRounds "7"]
[EventCountry "GER"]
[SourceTitle "EXT 2014"]
[Source "ChessBase"]
[SourceDate "2013.11.20"]
[SourceVersion "1"]
[SourceVersionDate "2013.11.20"]
[SourceQuality "1"]

1. d4 d5 2. Bf4 Nf6 3. Nf3 Nc6 4. Nc3 Bf5 5. a3 e6 6. Nb5 Rc8 7. e3 a6 8. Nc3 h6 9. Bd3 Bxd3 10. Qxd3 Bd6 11. Ne5 Bxe5 12. dxe5 Nd7 13. Nxd5 exd5 14. 0-0-0 Ndxe5 15. Qc3 f6 16. Qb3 Na5 17. Qa4+ c6 18. e4 0-0 19. exd5 cxd5 20. Rhe1 b5 21. Qd4 Nb3+ 0-1

[Event "Dortmund Sparkassen op-B"]
[Site "Dortmund"]
[Date "2012.07.17"]
[Round "4"]
[White "Ziabari, Morteza"]
[Black "Wichtrup, Jan Louis"]
[Result "1/2-1/2"]
[WhiteElo "1774"]
[BlackElo "1551"]
[PlyCount "68"]
[EventDate "2012.07.14"]
[EventType "swiss"]
[EventRounds "9"]
[EventCountry "GER"]
[SourceTitle "EXT 2014"]
[Source "ChessBase"]
[SourceDate "2013.11.20"]
[SourceVersion "1"]
[SourceVersionDate "2013.11.20"]
[SourceQuality "1"]

1. e4 e5 2. f4 exf4 3. Bc4 Nf6 4. Nc3 Bb4 5. e5 d5 6. exf6 dxc4 7. Qe2+ Be6 8. fxg7 Rg8 9. Nf3 Rxg7 10. a3 Ba5 11. Qe5 Bxc3 12. dxc3 Kf8 13. Bxf4 Nc6 14. Qe2 Qf6 15. Bxc7 Re8 16. 0-0-0 Bd5 17. Qf2 Bxf3 18. gxf3 Kg8 19. f4 Rg6 20. Kb1 Qf5 21. h4 Rge6 22. Rhg1+ Kh8 23. Rd2 h6 24. Rgd1 a6 25. Rd5 Qg4 26. Bb6 Re2 27. Bd4+ Kh7 28. Rg1 Rxf2 29. Rxg4 Nxd4 30. Rxd4 Re1+ 31. Ka2 b5 32. Rd7 Rff1 33. Rxf7+ Kh8 34. Rf8+ Kh7 1/2-1/2

[Event "Leverkusen Bayer op 10th"]
[Site "Leverkusen"]
[Date "2012.02.22"]
[Round "4"]
[White "Meyer, Stefan1111"]
[Black "Ziabari, Morteza"]
[Result "0-1"]
[WhiteElo "1631"]
[BlackElo "1768"]
[PlyCount "116"]
[EventDate "2012.01.11"]
[EventType "swiss"]
[EventRounds "7"]
[EventCountry "GER"]
[SourceTitle "EXT 2014"]
[Source "ChessBase"]
[SourceDate "2013.11.20"]
[SourceVersion "1"]
[SourceVersionDate "2013.11.20"]
[SourceQuality "1"]

1. d4 d5 2. c4 e6 3. Nc3 Nf6 4. cxd5 exd5 5. Bg5 c6 6. Qc2 h6 7. Bxf6 Qxf6 8. Nxd5 Qxd4 9. Rd1 Bb4+ 10. Nxb4 Qxb4+ 11. Rd2 0-0 12. a3 Qa5 13. e3 Be6 14. Nf3 Na6 15. Be2 Rad8 16. 0-0 Rxd2 17. Nxd2 Qc5 18. Qxc5 Nxc5 19. Rd1 Na4 20. Nf3 Nxb2 21. Rb1 Nc4 22. Rxb7 Nxa3 23. Rxa7 Nb5 24. Bxb5 cxb5 25. Rb7 Ra8 26. h3 Ra1+ 27. Kh2 Rb1 28. Nd4 Bc4 29. Nc6 g6 30. Kg3 Kg7 31. Rb6 Rb2 32. Ne5 Be6 33. Nc6 Kf6 34. Nd4 b4 35. Nxe6 fxe6 36. Kf3 Ke5 37. Rb5+ Kd6 38. Rb6+ Kd5 39. e4+ Ke5 40. Rb5+ Kd4 41. Rb6 Rb3+ 42. Ke2 Rb2+ 43. Kf3 Ke5 44. Rb5+ Kd6 45. Rb6+ Kd7 46. Ke3 b3 47. g4 Rb1 48. Kd2 Rb2+ 49. Kc3 Rxf2 50. Rxb3 Rf3+ 51. Kc4 Rxb3 52. Kxb3 Kd6 53. Kc4 Ke5 54. Kd3 Kf4 55. Kd4 e5+ 56. Kd5 g5 57. Ke6 Kxe4 58. Kf6 Kf4 0-1

[Event "Leverkusen Bayer op 10th"]
[Site "Leverkusen"]
[Date "2012.02.08"]
[Round "3"]
[White "Ziabari, Morteza"]
[Black "Duexmann, Marcel"]
[Result "0-1"]
[WhiteElo "1768"]
[BlackElo "1663"]
[PlyCount "94"]
[EventDate "2012.01.11"]
[EventType "swiss"]
[EventRounds "7"]
[EventCountry "GER"]
[SourceTitle "EXT 2014"]
[Source "ChessBase"]
[SourceDate "2013.11.20"]
[SourceVersion "1"]
[SourceVersionDate "2013.11.20"]
[SourceQuality "1"]

1. e4 d6 2. d4 Nf6 3. Nc3 g6 4. f4 Bg7 5. Nf3 c5 6. e5 Nfd7 7. Bc4 Nb6 8. Bb5+ Bd7 9. dxc5 Bxb5 10. Nxb5 dxc5 11. Qxd8+ Kxd8 12. Be3 a6 13. 0-0-0+ N8d7 14. Nc3 Ke8 15. Nd5 Rc8 16. Nxb6 Nxb6 17. b4 Na4 18. a3 h6 19. Rd3 cxb4 20. axb4 e6 21. Rhd1 Bf8 22. Bd2 Be7 23. Be1 Nb6 24. Nd4 Nd5 25. f5 Nf4 26. Rf3 Nxg2 27. fxg6 fxg6 28. Nxe6 Rh7 29. Bg3 Rf7 30. Rb3 Nh4 31. b5 Nf5 32. bxa6 bxa6 33. Be1 g5 34. Ba5 g4 35. Nc7+ Kf8 36. Nxa6 Bg5+ 37. Bd2 Nd4 38. Rb2 Ne2+ 39. Kb1 Bxd2 40. c4 Nc3+ 41. Kc2 Nxd1 42. Kxd1 Bc3 43. Rb6 Bxe5 44. c5 Bxh2 45. Rxh6 g3 46. Rh8+ Kg7 47. Rxc8 g2 0-1

[Event "Prague op-A 11th"]
[Site "Prague"]
[Date "2012.01.18"]
[Round "7"]
[White "Nguyen, Thai Dai Van"]
[Black "Ziabari, Morteza"]
[Result "1-0"]
[WhiteElo "1784"]
[BlackElo "1923"]
[PlyCount "49"]
[EventDate "2012.01.13"]
[EventType "swiss"]
[EventRounds "9"]
[EventCountry "CZE"]
[SourceTitle "CBM 146 Extra"]
[Source "ChessBase"]
[SourceDate "2012.02.29"]
[SourceVersion "1"]
[SourceVersionDate "2012.02.29"]
[SourceQuality "1"]

1. e4 d6 2. d4 Nf6 3. Nc3 c6 4. f4 Qa5 5. Bd3 e5 6. Nf3 Bg4 7. Be3 Nbd7 8. 0-0 Qb6 9. Na4 Qa5 10. c4 Bxf3 11. Rxf3 Ng4 12. Bd2 Qc7 13. Rf1 h5 14. h3 Ngf6 15. c5 d5 16. fxe5 Nxe4 17. Bxe4 dxe4 18. Qe2 b5 19. Nc3 Nxc5 20. dxc5 Bxc5+ 21. Kh1 Qxe5 22. Nxe4 0-0 23. Bf4 Qe7 24. Qxh5 Bd4 25. Ng5 1-0